01248nam a2200325Ia 4500001001200000003000800012006001900020007001500039008004100054010001700095020002600112020002500138040002100163035002100184050002400205082001500229245010800244260004500352300001600397504005100413533015200464650003800616650003000654650002900684655002900713700002000742710001700762856012600779999001700905ebr10330166CaPaEBRm u cr cn|||||||||090410s2009 mau sb 001 0 eng d z 2009013397 z9780470032916 (cloth) z9780470032923 (pbk.) aCaPaEBRcCaPaEBR a(OCoLC)58739157914aRC467b.C574 2009eb04a616.8922200aClinical case formulationh[electronic resource] :bvarieties of approaches /cedited by Peter Sturmey. aMalden, MA :bJohn Wiley & Sons,cc2009. axii, 323 p. aIncludes bibliographical references and index. aElectronic reproduction.bPalo Alto, Calif. :cebrary,d2009.nAvailable via World Wide Web.nAccess may be limited to ebrary affiliated libraries. 0aClinical psychologyxMethodology. 0aCounselingvCase studies. 0aPsychotherapyxPractice. 7aElectronic books.2local1 aSturmey, Peter.2 aebrary, Inc.40uhttp://site.ebrary.com/lib/rucke/Doc?id=10330166zAn electronic book accessible through the World Wide Web; click to view c50669d50669